ওহীদুল আলম : (Record no. 68761)
[ view plain ]
| 000 -LEADER | |
|---|---|
| fixed length control field | 00821nam a2200229 a 4500 |
| 001 - CONTROL NUMBER | |
| control field | 68761 |
| 003 - CONTROL NUMBER IDENTIFIER | |
| rucl marc code | BD-RjUL |
| 005 - DATE AND TIME OF LATEST TRANSACTION | |
| control field | 20211209081816.0 |
| 008 - FIXED-LENGTH DATA ELEMENTS--GENERAL INFORMATION | |
| fixed length control field | 170405s1999 bg |||| |||| 000 0 ben d |
| 020 ## - INTERNATIONAL STANDARD BOOK NUMBER | |
| International Standard Book Number | 9840739174 |
| 035 ## - SYSTEM CONTROL NUMBER | |
| System control number | (BD-RjUL)68972 |
| 040 ## - CATALOGING SOURCE | |
| Original cataloging agency | BD-RjUL |
| Language of cataloging | eng |
| Transcribing agency | BD-RjUL |
| 041 ## - LANGUAGE CODE | |
| Language code of text/sound track or separate title | eng |
| 082 ## - DEWEY DECIMAL CLASSIFICATION NUMBER | |
| Edition number | 23 |
| Classification number | 891.44092 |
| Author mark and year | GUW 1999 |
| 100 ## - MAIN ENTRY--PERSONAL NAME | |
| Personal name | গুহ, বিমল |
| 9 (RLIN) | 125473 |
| 245 ## - TITLE STATEMENT | |
| Title | ওহীদুল আলম : |
| Remainder of title | ১৯১১-১৯৯৮ / |
| Statement of responsibility, etc. | বিমল গুহ. |
| 260 ## - PUBLICATION, DISTRIBUTION, ETC. (IMPRINT) | |
| Place of publication, distribution, etc. | ঢাকা : |
| Name of publisher, distributor, etc. | বাংলা একাডেমী, |
| Date of publication, distribution, etc. | ১৯৯৯. |
| 300 ## - PHYSICAL DESCRIPTION | |
| Pagination | ৯৫ পৃ.; |
| Size | ২২ সে.মি. |
| 650 ## - SUBJECT ADDED ENTRY--TOPICAL TERM | |
| Topical term or geographic name as entry element | আলম, ওহীদুল |
| 9 (RLIN) | 121011 |
| Form subdivision | আত্মজীবনী |
| Chronological subdivision | ১৯১১-১৯৯৮ |
| Topical term or geographic name as entry element | Ālama, Ohīdula |
| 9 (RLIN) | 203774 |
| Form subdivision | Biography |
| Chronological subdivision | 1911-1998. |
| 942 ## - ADDED ENTRY ELEMENTS (KOHA) | |
| Source of classification or shelving scheme | Dewey Decimal Classification |
| Koha item type | Books |
| Lost status | Source of classification or shelving scheme | Damaged status | Not for loan | Collection code | Permanent Location | Current Location | Shelving location | Date acquired | Source of acquisition | Cost, normal purchase price | Total Checkouts | Full call number | Date last seen | Copy number | Koha item type |
|---|---|---|---|---|---|---|---|---|---|---|---|---|---|---|---|
| Dewey Decimal Classification | Not For Loan | Non-fiction | Central Library, University of Rajshahi | Central Library, University of Rajshahi | Reading Room | 23/07/2012 | Dhaka, Bangal Academy | 50.00 | B 891.44092 GUW 1999 | 05/04/2017 | C-1 | Books |